000 00542nam a2200157 a 4500
001 000028867
005 20200930055204.0
008 110412s1953 dr 000 0 spa d
040 _aDO-SdBNP
_bspa
_cBNPHU
082 _axxxx
_bB483c
100 1 _aBeras, Francisco Elpidio
_955843
245 1 0 _aConceptos y bases para un plan de fomento agropecuario con miras a la rehabilitación económica de la común del Seibo /
_cFrancisco Elpidio Beras.
260 _aSanto Domingo :
_bArte y Cine,
_c1953.
300 _a15 p. ;
_c22 cm.
049 _aBNPD
999 _c28359
_d28359